000 00305nam a22001337a 4500
008 171030b xxu||||| |||| 00| 0 eng d
020 _a9783540541400
041 _aeng
080 _a336
100 _a56
101 _aFIN
245 _aCHIPKARTEN ALS SICHERHEITWERKZEUG
_cKERSTEN.P
942 _2udc
_cBK
999 _c36307
_d36307